000 00842nam a2200241 i 4500
001 115561
003 ES-MaACL
005 20230906190504.0
007 t|
008 070315s1928 mx ||||1| spa d
245 0 0 _aIndice de documentos de Nueva España
_b: existentes en el Archivo de Indias de Sevilla.
260 _aMéxico :
_b[s.n.],
_c1928 (
_fImp. de la Secretaría de Relaciones Exteriores)
300 _a4 v. ;
_c20 cm.
490 1 _aMonografías bibliográficas mexicanas ;
_v12,14,22,23
500 _aPrecede al tít.: Archivo de Indias.
710 2 _aArchivo General de Indias.
_9149748
830 0 _aMonografías bibliográficas mexicanas ;
_v12,14,22,23
_9186305
852 _aES-MaACL
_jB-13413
852 _aES-MaACL
_jB-13415
852 _aES-MaACL
_jB-13423
852 _aES-MaACL
_jB-13424
999 _c115561
_d115561